LEADER 01054nam--2200313---4500 001 990000650620203316 035 $a0065062 035 $aUSA010065062 035 $a(ALEPH)000065062USA01 035 $a0065062 100 $a20010928d1832----km-y0ENGy0103----ba 101 $aita 102 $aIT 200 1 $aCollezione delle leggi, decreti, reali rescritti e ministeriali sull'amministrazione civile del Regno delle due Sicilie 210 $aSalerno$ctip. dell'Intendenza$d1832 215 $a156 p.$d26 cm 410 $12001 710 01$aSicilia $0140974 801 0$aIT$bsalbc$gISBD 912 $a990000650620203316 951 $aFV C 2 2 22$b4166$cFV C 2 2 959 $aBK 969 $aF.VENTIMIGLIA 979 $aPATTY$b90$c20010928$lUSA01$h1610 979 $aPATTY$b90$c20010928$lUSA01$h1616 979 $c20020403$lUSA01$h1714 979 $aPATRY$b90$c20040406$lUSA01$h1645 996 $aCollezione delle leggi, decreti, reali rescritti e ministeriali sull'amministrazione civile del Regno delle due Sicilie$9959517 997 $aUNISA